00516 2200205 4500001002100000005001700021008004100038035002400079040001200103082001000115090001700125100000900142245002700151250001100178260002600189300002500215650003700240850001200277990002100289YOGYA-0711000000047920110711110025.0 ind  0010-071100000000479 aYOPDYOG a741.5 a741.5bUri A aUrip aArjuna SasrabahucUrip aCet. 1 aBandungbErlinac2008 a516 hlmbilusc22 cm aCerita wayang - Cerita bergambar aYOPDYOG a47059-PD/B.09b1